logo

Bir Sreshtho Munshi Abdur Rouf Library
Jhenaidah Cadet College

তহাফুতুল ফলাসিকা / (Record no. 6142)

MARC details
000 -LEADER
fixed length control field 00847nam a2200229 a 4500
001 - CONTROL NUMBER
JCCL Control Number 6142
003 - CONTROL NUMBER IDENTIFIER
JCCL marc code BD-JhCC
005 - DATE AND TIME OF LATEST TRANSACTION
control field 20180325122206.0
008 - FIXED-LENGTH DATA ELEMENTS--GENERAL INFORMATION
fixed length control field 180101s1965 Mul |||| ||a| 000 0 mul d
035 ## - SYSTEM CONTROL NUMBER
system control number (BD-JhCC)6142
040 ## - CATALOGING SOURCE
Original cataloging agency BD-JhCC
Modifying agency BD-JhCC
041 ## - LANGUAGE CODE
Language code of Book mul
082 ## - DEWEY DECIMAL CLASSIFICATION NUMBER
Classification number 297.261
Author mark and Year GAZ 1965
100 ## - MAIN ENTRY--PERSONAL NAME
Personal name গাযযালী, আল
245 ## - TITLE STATEMENT
Title তহাফুতুল ফলাসিকা /
Statement of responsibility, etc আল-গাযযালী; আবুল কাসিম মুহম্মদ আদমুদ্দীন (অনুবাদ)
260 ## - PUBLICATION, DISTRIBUTION, ETC. (IMPRINT)
Place of publication, distribution, etc ঢাকা :
Name of publisher, distributor, etc ইসলামিক ফাউন্ডেশন,
Date of publication, distribution, etc ১৯৬৫.
300 ## - PHYSICAL DESCRIPTION
Pagination 249 p. :
Dimensions 21 cm.
650 ## - SUBJECT ADDED ENTRY--TOPICAL TERM
Topical term or geographic name as entry element Faith and reason
General subdivision Islam
700 ## - ADDED ENTRY--PERSONAL NAME
Personal name আদমুদ্দীন, আবুল কাসিম মুহম্মদ
942 ## - ADDED ENTRY ELEMENTS (KOHA)
Source of classification or shelving scheme Dewey Decimal Classification
Koha item type Books
Holdings
Source of classification or shelving scheme Damaged status Not for loan Home library Current library Shelving location Date of accession Cost, normal purchase price Total Checkouts Full call number Barcode Date last seen Copy number Koha item type
Dewey Decimal Classification     JCC Rouf Library JCC Rouf Library General Stacks 01/14/2018 18.00   297.261 GAZ 1965 693 01/14/2018 C-1 Books

JCC Library | Contacts | JCC Home

Last Update on 23 September 2017
Copyright @ 2017-2020 JCC Rouf Library
Rouf Library, Jhenidah Cadet College (JCC), Bangladesh